Les communes de France Quiz #3 - Statistiques

Statistiques générales
  • Ce quiz a été pris 69 fois
  • Le résultat moyen est 13 sur 15
Statistiques - réponses
Nom de la commune Nom du département où elle se situe % Correct
Quimper Finistère
95%
Chambéry Savoie
94%
Courbevoie Hauts-de-Seine
92%
Albi Tarn
89%
Grasse Alpes-Maritimes
88%
Châteauroux Indre
86%
Auxerre Yonne
86%
Mérignac Gironde
85%
Narbonne Aude
83%
Angoulême Charente
83%
Blois Loir-et-Cher
83%
Vincennes Val-de-Marne
83%
Troyes Aube
82%
Wattrelos Nord
82%
Montélimar Drôme
77%
Aucun quiz correspondant
Distribution des résultats
% des personnes avec chaque résultat
Percentile par nombre de réponses
Votre historique - résultats
Vous n’avez pas pris ce quiz